000 00341nam a22001217a 4500
008 180521b xxu||||| |||| 00| 0 eng d
041 _aeng
080 _a043.3
100 _a0
101 _aMBE-BTH
245 _aInstitucionet Financiare Ndërkombëtare dhe procesi i globalizimit (Kosova si anëtare e IFN-së)
_cSpahiu,N
942 _2udc
_cBK
999 _c46138
_d46138